• 首页
  • 本馆介绍
  • 公告通知
  • 最新文献
  • 馆藏检索
  • 电子资源
  • 读者导购
  • 参考咨询
  • 我的图书馆
  • 登录
  • 详细信息显示
  • 放入我的书架
  • 预约/预借图书
  • 作者相关作品
  • 分类相关作品
  • 丛书相关作品
  • 出版社相关作品

书目信息

  • 表格格式
  • 工作单格式
  • 卡片格式
题名:
我国新生代农民工城市文化融入研究
    
 
作者: 宋瑾 著
分册:  
出版信息: 成都   西南财经大学出版社  2018
页数: 224页
开本: 24cm
丛书名:
单 册:
中图分类: D422.64 , TN929.5
科图分类:
主题词: 民工--min gong--城市化--研究--中国 , 移动通信--yi dong tong xin--互联网络--社会影响--研究--中国
电子资源:
ISBN: 978-7-5504-3200-0
000 01479nam0 2200313 450
001 012001001571
005 20131108142036.0
010    @a978-7-5504-3200-0@dCNY88.00
099    @aCAL 012018097572
100    @a20180613d2018 em y0chiy50 ea
101 0  @achi
102    @aCN@b510000
105    @aak a 000yy
106    @ar
200 1  @a我国新生代农民工城市文化融入研究@Awo guo xin sheng dai nong min gong cheng shi wen hua rong ru yan jiu@e基于移动互联网社会影响视角@d= On cultural integration of new generation migrant workers@efrom the perspective of social influence of mobile internet@f宋瑾著@zeng
210    @a成都@c西南财经大学出版社@d2018
215    @a224页@c图@d24cm
300    @a四川外国语大学后期资助项目 (项目号: SISU201793)
320    @a有书目 (第168-185页)
330    @a本书从移动互联网在新生代农民工群体中广泛应用的现实情况出发, 结合对该群体的调研与需求分析, 探讨了借助此媒介平台帮助这一群体实现融入城市文化愿望的可能性与可行性。
510 1  @aOn cultural integration of new generation migrant workers@efrom the perspective of social influence of mobile internet@zeng
517 1  @a基于移动互联网社会影响视角@Aji yu yi dong hu lian wang she hui ying xiang shi jiao
606 0  @a民工@Amin gong@x城市化@x研究@y中国
606 0  @a移动通信@Ayi dong tong xin@x互联网络@x社会影响@x研究@y中国
690    @aD422.64@v5
690    @aTN929.5@v5
701  0 @a宋瑾@Asong jin@4著
801  0 @aCN@b北京卓展@c20191020
905    @b1198580-3@dD422.64@e11@f4
    
    我国新生代农民工城市文化融入研究:基于移动互联网社会影响视角= On cultural integration of new generation migrant workers:from the perspective of social influence of mobile internet/宋瑾著.-成都:西南财经大学出版社,2018
    224页:图;24cm
    四川外国语大学后期资助项目 (项目号: SISU201793)
    
    ISBN 978-7-5504-3200-0:CNY88.00
    本书从移动互联网在新生代农民工群体中广泛应用的现实情况出发, 结合对该群体的调研与需求分析, 探讨了借助此媒介平台帮助这一群体实现融入城市文化愿望的可能性与可行性。
●
相关链接 在E读中查询图书 在五车中查询图书 在当当中查询图书 在豆瓣中查询图书


正题名:我国新生代农民工城市文化融入研究     索取号:D422.64/11         预约/预借

序号 登录号 条形码 馆藏地/架位号 状态 备注
1 1198580   211985805   第一样本阅览室/ [索取号:D422.64/11] 在馆    
2 1198581   211985814   第一借阅区/ [索取号:D422.64/11] 在馆    
3 1198582   211985823   第一借阅区/ [索取号:D422.64/11] 在馆    
4 1198583   211985832   第一借阅区/ [索取号:D422.64/11] 在馆    
唐山师范学院图书馆 欢迎您!
大连网信软件有限公司© 版权所有